[Event "GER CM04-C email"]
[Site "GER email"]
[Date "2017.06.26"]
[Round "?"]
[White "Dimitrov, Deyan"]
[Black "Claridge, John B"]
[Result "1/2-1/2"]
[WhiteElo "2370"]
[BlackElo "2352"]
[PlyCount "91"]
[EventDate "2017.??.??"]
[EventType "tourn (corr)"]
[EventRounds "10"]
[EventCountry "GER"]
[SourceTitle "Corr 2020"]
[Source "ChessBase"]
[SourceDate "2019.09.30"]
[SourceVersion "1"]
[SourceVersionDate "2019.09.30"]
[SourceQuality "1"]

1. d4 Nf6 2. Nf3 g6 3. c4 Bg7 4. Nc3 0-0 5. e4 d6 6. Be2 e5 7. 0-0 Nc6 8. d5 Ne7 9. b4 Ne8 10. c5 f5 11. Nd2 Nf6 12. a4 Rf7 13. a5 f4 14. Nc4 g5 15. b5 Ng6 16. b6 axb6 17. cxd6 bxa5 18. dxc7 Rxc7 19. Qb3 Kh8 20. Bd2 Bf8 21. Nxa5 Bd7 22. Nxb7 Rb8 23. Nxd8 Rxb3 24. Ra6 Kg7 25. Nc6 g4 26. g3 h5 27. gxf4 Nxf4 28. Bc4 Rb2 29. Be3 Bb4 30. Na4 Rc2 31. Nxe5 Bd2 32. Bxd2 Rxd2 33. d6 Nh3+ 34. Kg2 Rc8 35. Nb6 Nxe4 36. Nxc8 Nf4+ 37. Kh1 Bxc8 38. Ra7+ Kh6 39. d7 Bxd7 40. Rxd7 Nxf2+ 41. Rxf2 Rxf2 42. Rd1 Kg5 43. Nf7+ Kf5 44. Ba6 Nh3 45. Bf1 Ng5 46. Nxg5 1/2-1/2

[Event "BdF-Diamant 06 email"]
[Site "GER email"]
[Date "2015.06.25"]
[Round "?"]
[White "Dimitrov, Deyan"]
[Black "Achatz, Kirstin"]
[Result "1/2-1/2"]
[WhiteElo "2341"]
[BlackElo "2282"]
[PlyCount "36"]
[EventDate "2015.??.??"]
[EventType "tourn (corr)"]
[EventRounds "12"]
[EventCountry "GER"]
[SourceTitle "Corr 2017"]
[Source "ChessBase"]
[SourceDate "2017.09.19"]
[SourceVersion "1"]
[SourceVersionDate "2017.09.19"]
[SourceQuality "1"]

1. d4 f5 2. Nf3 Nf6 3. Bg5 e6 4. Nc3 d5 5. g4 fxg4 6. Ne5 Be7 7. e3 0-0 8. h3 g3 9. f4 c5 10. Qf3 g2 11. Qxg2 cxd4 12. exd4 Nh5 13. h4 Nc6 14. Qh2 Nxd4 15. 0-0-0 Nf5 16. Bd3 Bd7 17. Ne2 Qe8 18. Bxf5 Rxf5 1/2-1/2

[Event "BdF-Diamant 06 email"]
[Site "GER email"]
[Date "2015.06.25"]
[Round "?"]
[White "Dimitrov, Deyan"]
[Black "Bolz, Barbara"]
[Result "1/2-1/2"]
[WhiteElo "2341"]
[BlackElo "2326"]
[PlyCount "61"]
[EventDate "2015.??.??"]
[EventType "tourn (corr)"]
[EventRounds "12"]
[EventCountry "GER"]
[SourceTitle "Corr 2017"]
[Source "ChessBase"]
[SourceDate "2017.09.19"]
[SourceVersion "1"]
[SourceVersionDate "2017.09.19"]
[SourceQuality "1"]

1. d4 Nf6 2. Nf3 g6 3. c4 Bg7 4. Nc3 0-0 5. e4 d6 6. Be2 e5 7. 0-0 Nc6 8. d5 Ne7 9. b4 Nh5 10. Re1 f5 11. Ng5 Nf4 12. Bxf4 exf4 13. Rc1 Bf6 14. Ne6 Bxe6 15. dxe6 Bxc3 16. Rxc3 fxe4 17. Bf1 a5 18. b5 e3 19. fxe3 fxe3 20. Rcxe3 c6 21. c5 d5 22. b6 Rf6 23. Bd3 Qf8 24. Qa1 Re8 25. Qe5 Rf2 26. Qc7 Qf6 27. Kh1 Qf4 28. Qxb7 Rf8 29. Qa6 h5 30. b7 h4 31. h3 1/2-1/2

[Event "BdF-Diamant 06 email"]
[Site "GER email"]
[Date "2015.06.25"]
[Round "?"]
[White "Krebs, Juergen"]
[Black "Dimitrov, Deyan"]
[Result "1/2-1/2"]
[WhiteElo "2258"]
[BlackElo "2341"]
[PlyCount "48"]
[EventDate "2015.??.??"]
[EventType "tourn (corr)"]
[EventRounds "12"]
[EventCountry "GER"]
[SourceTitle "Corr 2017"]
[Source "ChessBase"]
[SourceDate "2017.09.19"]
[SourceVersion "1"]
[SourceVersionDate "2017.09.19"]
[SourceQuality "1"]

1. e4 c5 2. Nf3 d6 3. Bb5+ Nd7 4. d4 Ngf6 5. 0-0 a6 6. Bxd7+ Nxd7 7. Nc3 e6 8. d5 e5 9. a4 g6 10. Nd2 Bg7 11. a5 b5 12. axb6 Nxb6 13. Nb3 0-0 14. Na5 f5 15. exf5 gxf5 16. f4 e4 17. Ne2 Bd7 18. c4 Nc8 19. Ra2 Rb8 20. b3 Ne7 21. Bd2 Rb6 22. Qe1 Qb8 23. Bc3 Rf7 24. Ng3 Bd4+ 1/2-1/2